A CULTURALLY proficient response to LGBT communities A guide for educators
Uloženo v:
| Hlavní autor: | |
|---|---|
| Médium: | Kniha |
| Jazyk: | angličtina |
| Vydáno: |
Corwin Press
2013
|
| Tagy: |
Přidat tag
Žádné tagy, Buďte první, kdo vytvoří štítek k tomuto záznamu!
|
MARC
| LEADER | 00000nam a22000007a 4500 | ||
|---|---|---|---|
| 008 | 210128b ||||| |||| 00| 0 eng d | ||
| 020 | |a 978-1-4522-4192-2 | ||
| 100 | |a edited by Lindsey, Randall B.…[et al.]. | ||
| 245 | |a A CULTURALLY proficient response to LGBT communities |b A guide for educators |c edited by Randall B. Lindsey…[et al.]. |g xiii, 164p. | ||
| 250 | |c edited by Lindsey, Randall B.…[et al.]. | ||
| 260 | |b Corwin Press |c 2013 |h Thousand Oaks, California |i 692415 |i 692416 |l LC2575 .C89 |m Lesbian students – United States. |m Gay students – United States. |m Sexual minorities – Education. |m Bisexual students – United States. |m Transgender youth – Education – United States. |m Homosexuality and education – United States. | ||
| 500 | |a “It includes references and index” | ||
| 942 | |a lcc |c BK |e YUNUSA, A.A. |f 28/01/2021 | ||
| 952 | |0 0 |1 0 |2 lcc |4 0 |6 LC2575 C89 |7 0 |9 1978 |a HOL |b ED |c LP |d 2021-01-28 |l 0 |o LC2575 .C89 |p 2021-5839 |r 2021-01-28 00:00:00 |w 2021-01-28 |y BK | ||
| 952 | |0 0 |1 0 |2 lcc |4 0 |6 LC2575 C89 |7 0 |9 1979 |a HOL |b HOL |c LP |d 2021-01-28 |l 0 |o LC2575 .C89 |p 2021-5840 |r 2021-01-28 00:00:00 |w 2021-01-28 |y BK | ||
| 999 | |c 1036 |d 1036 | ||